000 007300000a22001210004500
100 1 _aVillegas Durán, Luz Amparo
245 1 0 _aParadigmas sobre la formación docente desde la perspectiva de Philippe Meirieu
300 _anúm.40 ( Ago. - Sep., 2009), P. 66 - 68
520 _aLa formación de los profesores ha producido un conjunto de paradigmas que buscan explicar tanto la práctica como los recursos teóricos ofrecidos para el pleno desenvolvimiento profesional. El presente trabajo nos aproxima a la discusión de los paradigmas de la formación docente desde la perspectiva del profesor Philippe Meirieu
650 1 4 _aFORMACIÓN DE DOCENTES
773 0 _tRevista internacional magisterio : educación y ped
942 _cANA
999 _c62956
_d62956